Auditoria energética en el edificio 2 del Ministerio de Fomento, Industria y Comercio
El estudio aborda la auditoria energética que permita el uso eficiente de los recursos energéticos en las instalaciones del complejo 2 del Ministerio de Fomento, Industria y Comercio (MIFIC).
| Main Authors: | , , |
|---|---|
| Other Authors: | |
| Format: | Tesis Section = Libro |
| Language: | Undetermined Spanish |
| Published: |
Managua
UNI
2009
|
| Subjects: |
| LEADER | 01026nam a2200265Ia 4500 | ||
|---|---|---|---|
| 008 | 240830s9999 xx 000 0 und d | ||
| 040 | |a BIBLIOTECA-RUPAP Mon 621.31 C172 | ||
| 041 | |a spa | ||
| 082 | |a Mon 621.31 C172 | ||
| 100 | 1 | |a Camacho Berroterán, Luis Antonio | |
| 100 | 1 | |b Espinoza Ruiz, Nancy | |
| 100 | 1 | |c Sunsun Scott, Isis Carolina | |
| 245 | 1 | 0 | |a Auditoria energética en el edificio 2 del Ministerio de Fomento, Industria y Comercio |
| 260 | |a Managua |b UNI |c 2009 | ||
| 300 | |a 111 p. :il. | ||
| 500 | |a Contiene: anexos. | ||
| 502 | |a Tesis (Ingeniero Mecánico)- UNI, 2009. | ||
| 520 | 3 | |a El estudio aborda la auditoria energética que permita el uso eficiente de los recursos energéticos en las instalaciones del complejo 2 del Ministerio de Fomento, Industria y Comercio (MIFIC). | |
| 650 | 7 | |a AUDITORIA ENERGETICA | |
| 650 | 7 | |b AHORRO ENERGETICO | |
| 650 | 7 | |c SISTEMA ELECTRICO-INSTALACION | |
| 700 | 1 | |a Tutor: |b Ballesteros Pérez, Miguel Angel | |
| 942 | |c BK |2 ddc | ||
| 991 | |a TESIS | ||
| 999 | |c 15726 | ||